মুক্তিযুদ্ধ '৭১ : (Record no. 48084)
[ view plain ]
| 000 -LEADER | |
|---|---|
| fixed length control field | 00984nam a2200241 a 4500 |
| 001 - CONTROL NUMBER | |
| control field | 48084 |
| 003 - CONTROL NUMBER IDENTIFIER | |
| rucl marc code | BD-RjUL |
| 005 - DATE AND TIME OF LATEST TRANSACTION | |
| control field | 20211209054445.0 |
| 008 - FIXED-LENGTH DATA ELEMENTS--GENERAL INFORMATION | |
| fixed length control field | 160811s2006 bg a|||| |||| 00| f ben d |
| 020 ## - INTERNATIONAL STANDARD BOOK NUMBER | |
| International Standard Book Number | 9848721908 |
| Terms of availability | : Tk. 200.00 |
| 035 ## - SYSTEM CONTROL NUMBER | |
| System control number | (BD-RjUL)48203 |
| 040 ## - CATALOGING SOURCE | |
| Original cataloging agency | BD-RjUL |
| Language of cataloging | ben |
| Transcribing agency | BD-RjUL |
| 041 ## - LANGUAGE CODE | |
| Language code of text/sound track or separate title | ben |
| 082 ## - DEWEY DECIMAL CLASSIFICATION NUMBER | |
| Edition number | 23 |
| Classification number | 891.443 |
| Author mark and year | RAM 2006 |
| 100 ## - MAIN ENTRY--PERSONAL NAME | |
| Personal name | রহমান, হাফিজুর |
| 9 (RLIN) | 145764 |
| 245 10 - TITLE STATEMENT | |
| Title | মুক্তিযুদ্ধ '৭১ : |
| Remainder of title | শিরায় শিরায় আগুন / |
| Statement of responsibility, etc. | হাফিজুর রহমান ; সম্পাদনা এ. এম. সা'দাত |
| 260 ## - PUBLICATION, DISTRIBUTION, ETC. (IMPRINT) | |
| Place of publication, distribution, etc. | ঢাকা : |
| Name of publisher, distributor, etc. | এশিয়া পাবলিকেশন, |
| Date of publication, distribution, etc. | ২০০৬ |
| 300 ## - PHYSICAL DESCRIPTION | |
| Pagination | ১৯২ পৃ. : |
| Illustrations | চিত্র ; |
| Size | ২০০৬ |
| 650 ## - SUBJECT ADDED ENTRY--TOPICAL TERM | |
| Topical term or geographic name as entry element | বাংলা উপন্যাস |
| 9 (RLIN) | 145765 |
| Topical term or geographic name as entry element | Bengali Fiction |
| 9 (RLIN) | 145766 |
| 700 ## - ADDED ENTRY--PERSONAL NAME | |
| Personal name | সা'দাত, এ. এম., সম্পাদক |
| 942 ## - ADDED ENTRY ELEMENTS (KOHA) | |
| Source of classification or shelving scheme | Dewey Decimal Classification |
| Koha item type | Books |
| Lost status | Source of classification or shelving scheme | Damaged status | Not for loan | Collection code | Permanent Location | Current Location | Shelving location | Date acquired | Source of acquisition | Cost, normal purchase price | Total Checkouts | Full call number | Date last seen | Copy number | Koha item type |
|---|---|---|---|---|---|---|---|---|---|---|---|---|---|---|---|
| Dewey Decimal Classification | Fiction | Central Library, University of Rajshahi | Central Library, University of Rajshahi | 27/01/2008 | Ajad Ali | 600.00 | B 891.443 RAM 2006 | 11/08/2016 | C-2 | Books | |||||
| Dewey Decimal Classification | Fiction | Central Library, University of Rajshahi | Central Library, University of Rajshahi | 27/01/2008 | Ajad Ali | 600.00 | B 891.443 RAM 2006 | 11/08/2016 | C-3 | Books | |||||
| Dewey Decimal Classification | Not For Loan | Fiction | Central Library, University of Rajshahi | Central Library, University of Rajshahi | Reading Room | 27/01/2008 | Ajad Ali | 600.00 | B 891.443 RAM 2006 | 31/01/2017 | C-1 | Books |